City of sin and splendour: (Record no. 25226)
[ view plain ]
| 000 -LEADER | |
|---|---|
| fixed length control field | 01886 a2200289 4500 |
| 005 - DATE AND TIME OF LATEST TRANSACTION | |
| control field | 20090314112010.0 |
| 010 ## - LCCN (DPL NO) | |
| LC control number | B-274659-662 B-447110 |
| 020 ## - INTERNATIONAL STANDARD BOOK NUMBER | |
| Terms of availability | 399.00 |
| International Standard Book Number | 014303166X |
| 020 ## - INTERNATIONAL STANDARD BOOK NUMBER | |
| Terms of availability | 399.00 |
| International Standard Book Number | 9780143031666 |
| 035 ## - SYSTEM CONTROL NUMBER | |
| System control number | B-274659-662 B-447110 |
| 037 ## - SOURCE OF ACQUISITION | |
| Source of stock number/acquisition | UBH |
| 037 ## - SOURCE OF ACQUISITION | |
| Source of stock number/acquisition | K.K.Pub/Ven |
| 082 ## - DEWEY DECIMAL CLASSIFICATION NUMBER | |
| Classification number | 954.7 |
| 245 ## - TITLE STATEMENT | |
| Title | City of sin and splendour: |
| Statement of responsibility, etc | edited by Bapsi Sidhwa |
| Remainder of title | writings on Lahore / |
| 260 ## - PUBLICATION, DISTRIBUTION, ETC. (IMPRINT) | |
| Place of publication, distribution, etc | London |
| Name of publisher, distributor, etc | Penguin Books India |
| Date of publication, distribution, etc | 2006 |
| 270 ## - ADDRESS | |
| City | New Delhi |
| State or province | Delhi |
| Address | 11, Community Centre, Panchsheel Park, New Delhi |
| Postal code | 110017 |
| 300 ## - PHYSICAL DESCRIPTION | |
| Extent | xvii, 373p |
| Dimensions | 22cm(pbk) |
| 700 ## - ADDED ENTRY--PERSONAL NAME | |
| Personal name | Sidhwa, Bapsi |
| 9 (RLIN) | 44657 |
| 942 ## - ADDED ENTRY ELEMENTS (KOHA) | |
| Institution code [OBSOLETE] | dpl |
| Item type | English Books |
| Source of classification or shelving scheme | Dewey Decimal Classification |
| Classification part | 954.7 |
| Call number suffix | CIT |
| Withdrawn status | Lost status | Not for loan | Collection code | Home library | Current library | Date acquired | Source of acquisition | Cost, normal purchase price | Full call number | Barcode | Copy number | Cost, replacement price | Koha item type |
|---|---|---|---|---|---|---|---|---|---|---|---|---|---|
| Non-fiction | Central Library | Central Library | 14/03/2009 | UBH/058/6.6.08/124/30.10.07/20.6.08 | 399.00 | 954.7 CIT | B-274659 | 1 | 399.00 | English Books | |||
| Non-fiction | Central Library | Central Library | 02/04/2012 | K.K.Pub/1318/23.09.2011/03/23.09.2011/09.11.2011 | 399.00 | 954.7 CIT | B-447110 | 1 | 399.00 | English Books | |||
| Non-fiction | Sarojini Nagar | Sarojini Nagar | 14/03/2009 | UBH/058/6.6.08/124/30.10.07/20.6.08 | 399.00 | 954.7 CIT | B-274660 | 1 | 399.00 | English Books | |||
| Non-fiction | Shahdara Branch | Shahdara Branch | 14/03/2009 | UBH/058/6.6.08/124/30.10.07/20.6.08 | 399.00 | 954.7 CIT | B-274661 | 1 | 399.00 | English Books | |||
| Non-fiction | Vigyan Vihar | Vigyan Vihar | 14/03/2009 | UBH/058/6.6.08/124/30.10.07/20.6.08 | 399.00 | 954.7 CIT | B-274662 | 1 | 399.00 | English Books |
